Estudio a nivel de perfil de la rehabilitación y mejoramiento del camino Pasle-Totumbla de 15 km de longitud, municipio de Darío
Presenta un estudio a nivel de perfil de la rehabilitación y mejoramiento del camino Pasle-Totumbla de 15 km de longitud, municipio de Darío. El objetivo de este trabajo es proporcionar un camino adecuado que contribuya a la disminución de los costos de operación vehicular, lo que favorece el cr...
| Main Authors: | , |
|---|---|
| Other Authors: | |
| Format: | Tesis Section = Libro |
| Language: | Undetermined Spanish |
| Published: |
Managua
UNI
2009
|
| Subjects: |
| LEADER | 01288nam a2200277Ia 4500 | ||
|---|---|---|---|
| 008 | 240830s9999 xx 000 0 und d | ||
| 040 | |a BIBLIOTECA-RUPAP T.Mon 625.76 R934 | ||
| 041 | |a spa | ||
| 082 | |a T.Mon 625.76 R934 | ||
| 100 | 1 | |a Ruiz Martínez, Fritza María | |
| 100 | 1 | |b Calero Pavón, Alexis Elizabeth | |
| 245 | 1 | 0 | |a Estudio a nivel de perfil de la rehabilitación y mejoramiento del camino Pasle-Totumbla de 15 km de longitud, municipio de Darío |
| 260 | |a Managua |b UNI |c 2009 | ||
| 300 | |a 113 p. :il. | ||
| 500 | |a Contiene: anexos. | ||
| 502 | |a Tesis (Ingeniero Civil)- UNI, 2009. | ||
| 520 | 3 | |a Presenta un estudio a nivel de perfil de la rehabilitación y mejoramiento del camino Pasle-Totumbla de 15 km de longitud, municipio de Darío. El objetivo de este trabajo es proporcionar un camino adecuado que contribuya a la disminución de los costos de operación vehicular, lo que favorece el crecimiento de la economía de la comarca. | |
| 650 | 7 | |a CAMINOS-NICARAGUA | |
| 650 | 7 | |b MANTENIMIENTO Y REPARACION-CAMINOS | |
| 650 | 7 | |c CAMINOS-CUIDADO Y REPARACION | |
| 650 | 7 | |d EVALUACION DE PROYECTOS-FINANZAS | |
| 650 | 7 | |e EVALUACION DE IMPACTO AMBIENTAL | |
| 700 | 1 | |a Tutor: |b Mendoza Gutiérrez, Carlos | |
| 942 | |c BK |2 ddc | ||
| 991 | |a TESIS | ||
| 999 | |c 18180 | ||